Quizzes
Events
Quiz Creation
Community
Videos
Private Events
Remove Ads
Sign In
Join for FREE
Feedback
Dark Mode
Quiz Categories
Sports
Geography
Music
Movies
Television
Just For Fun
Miscellaneous
History
Literature
Language
Science
Gaming
Entertainment
Religion
Holiday
For Kids
Quiz Lab
Recent
Popular Today
Quiz Kudos Today
Editor Picks
Curator Picks
Quizzes by...
Day
Popularity
Type
Ratings
Length
Year
Community
Subscriptions
Recent Discussions
Orange Saloon
Badges
Playlists
Quests
Create
Leaderboards
Showdown
Live 5
Trivia Bingo
Activity
Puzzle Library
Sporcle Events
Private Events
Virtual Trivia
Globe League
Become a Host
Pub Owners
SporcleCon
Opinionation
Our Games
Videos
Blog
Mobile Apps
Partnerships
Remove Ads and Go Orange
Feedback
Literature
Harry Potter
A Song of Ice and Fire
The Hunger Games
Literary Character
Shakespeare
Book
Author
Novel
Poem
Young Adult
Children's Books
Play
Lord of the Rings
Literature
Harry Potter
A Song of Ice and Fire
The Hunger Games
Literary Character
Shakespeare
Book
Author
Novel
Poem
Young Adult
Children's Books
Play
Lord of the Rings
Random Quiz
Search Sporcle
×
Quiz Lab
Quiz Lab
Literature
Harry Potter
Type in answers that appear in a list
Type in answers that appear in a list
Classic
Best Score? Go Orange.
Harry Potter Plot Twists Blitz Stats
Can you name the Harry Potter plot twists in 3 minutes?
By
WelshTom
3m
40 Questions
1,797 Plays
1,797 Plays
1,797 Plays
Comments
Comments
Give Quiz Kudos
Give Quiz Kudos
-
- Ratings
hide this ad
More Info
Forced Order
Answers have to be entered in order
Answers have to be entered in order
Replay
Link that replays current quiz
Next Quiz
Link to next quiz in quiz playlist
You Got
0%
They Got
Avg Score
69%
Avg Friend Score
Upgrade to see
Score Distribution
Jump to the score distribution portion of the page
Score
0/40
Timer
03:00
0
Plays Today
Plot Twist
Missing Word(s)
% Correct
Harry Potter is a _
_
_
_
_
_
Wizard
96.3%
The teacher trying to steal the Philosopher's Stone is _
_
_
_
_
_
_
Quirrell
95.2%
Sirius Black is Harry's _
_
_
_
_
_
Godfather
93.4%
_
_
_
_
_
was framed for opening the chamber
Hagrid
91.6%
Snape hates Harry because of _
_
_
_
_
_
James Potter
91.4%
Argus Filch is a _
_
_
_
_
_
_
Squib
91.3%
The heir of Slytherin is _
_
_
_
_
_
Lord Voldemort
91.2%
The student opening the Chamber of Secrets was _
_
_
_
_
_
Ginny Weasley
90.5%
Remus Lupin is a _
_
_
_
_
_
Werewolf
90.1%
The Patronus across the lake was cast by _
_
_
_
_
_
Harry Potter
89.5%
Scabbers is _
_
_
_
_
_
Peter Pettigrew
89%
Hagrid is a _
_
_
_
_
_
Half-Giant
88.1%
_
_
_
_
_
_
_
was framed for murder
Sirius Black
87.8%
Hermione attended all of her lessons by using a _
_
_
_
_
_
Time-turner
87.3%
Gilderoy Lockhart is a _
_
_
_
_
_
Fraud
84.1%
The Marauder's Map was created by _
_
_
_
_
_
Harry's father
81.6%
Rita Skeeter is an _
_
_
_
_
_
_
Animagus
77.2%
Professor Moody is _
_
_
_
_
_
_
Barty Crouch Jnr
74.5%
The prophecy may also have been about _
_
_
_
_
_
_
Neville Longbottom
72.9%
The prophecy was made by _
_
_
_
_
_
_
Professor Trelawney
71.2%
Plot Twist
Missing Word(s)
% Correct
Neither can live while the other _
_
_
_
_
_
Survives
70.7%
Draco's mission is to _
_
_
_
_
_
_
Kill Dumbledore
69%
Voldemort survived because he created _
_
_
_
_
_
_
Horcruxes
68.1%
Hagrid has a _
_
_
_
_
_
_
Half-Brother
67%
The dementors were sent by _
_
_
_
_
_
_
Umbridge
63.8%
The Half-
Blood Prince is _
_
_
_
_
_
_
Severus Snape
63%
_
_
_
_
_
_
_
applied for the DADA job and cursed it
Lord Voldemort
58.9%
The locket in the cave is a _
_
_
_
_
_
Fake
56.3%
Ludo Bagman was accused of being a _
_
_
_
_
_
_
Death Eater
54.9%
_
_
_
_
_
_
_
kills _
_
_
_
_
_
_
Snape kills Dumbledore
54.5%
R.A.B is _
_
_
_
_
_
_
Regulus Black
54.1%
The resurrection stone is inside _
_
_
_
_
_
_
The Snitch
47.4%
The Elder wand was owned by _
_
_
_
_
_
_
Dumbledore
47%
The invisibility cloak is owned by _
_
_
_
_
_
_
Harry Potter
45.6%
Snape loved _
_
_
_
_
_
_
Lily Potter
43.2%
The person with the other mirror was _
_
_
_
_
_
_
Aberforth Dumbledore
40.6%
The master of the Deathly Hallows is _
_
_
_
_
_
_
Harry Potter
35.7%
Ron loves _
_
_
_
_
_
_
Hermione
34.5%
Harry Potter is a _
_
_
_
_
_
Horcrux
33.4%
_
_
_
_
_
_
becomes a Hogwarts professor
Neville Longbottom
32.3%
Quiz Playlist
Details
Report
Send in Message
Add To Playlist
More Info:
This quiz contains Harry Potter SPOILERS. Do not play if you have not read the entire series.
Classic:
Type in answers that appear in a list
Forced Order:
Answers have to be entered in order
Last Updated: Feb 16, 2017
Quiz Scoreboard
CHALLENGE
Sign Up to Join the Scoreboard
Show All
Scores
Hide
Comments
May contain spoilers
Recently Published
An Introduction to Baseball
by treessimontrees
Sports
5m
Movies - When Are They Set?
by FPL_Elf
Movies
5m
Popular People in 1961
by mucciniale
History
6m
More to Explore
Quiz From the Vault
Featured Blog Post
Where Did the Easter Bunny Come From?
hide this ad
You Might Also Like...
Tags
Harry Potter Quiz
plot
Plot Twists
Twist
Today's Top Quizzes in Literature
Browse Literature
hide this ad
Today's Top Quizzes in Harry Potter
Browse Harry Potter
Top Contributed Quizzes in Literature
1
Sneaky Slytherin Logic Puzzle
2
One Thing in Common: Literature
3
Get The Picture: Black or White Literature
4
Harry Potter Neighbourly Logic Puzzle #3
5
Weasley Family Reunion: Logic Puzzle
6
One Thing in Common: Books
7
One Thing in Common: Literature II
8
Harry Potter Neighbourly Logic Puzzle #1
9
Harry Potter Neighbourly Logic Puzzle #5
10
Harry Potter Neighbourly Logic Puzzle #6
Explore More
Trending Topics
Disney
NBA
Harry Potter
Crossword
Anime
Marvel
Kpop
The Office
Pokémon
Puzzle
Country
Soccer
Song
NFL
WWE
hide this ad
More By:
WelshTom
Quiz
Plays
Rating
Category
Featured
Created
Final Fantasy Quotes
4,285
4.12
Gaming
Oct 30, 2009
Final Fantasy 7 Bosses
3,285
4.24
Gaming
Oct 29, 2009
Final Fantasy characters by their themes
3,191
4.09
Gaming
Mar 5, 2010
Final Fantasy locations by music
2,882
4.55
Gaming
Feb 24, 2010
Michael Jackson songs by short clips
2,656
4.46
Music
Feb 28, 2010
Go to Creator's Profile
Score Distribution
Quiz Creator Spotlight
WelshTom
Follow
Send a Message
Quizzes Created
-
Created Quiz Play Count
-
More By This Creator
Popular Quizzes Today
1
Find the Countries of Europe - No Outlines Minefield
2
Find the US States - No Outlines Minefield
3
The Countries of the World
4
Popular People in 1961
5
US States
6
1-10 Letter E Words III
7
Find the US States
8
Risky Map Clicking: Biggest States A-Z
More Literature Quizzes
'Road' Books
Quiz Lab
Trending Quizzes
Risky Map Clicking: Least Populous States A-Z
1-10 Letter F Words
1-10 Letter G Words
One Thing in Common: United Kingdom
Risky Map Clicking: Next State Alphabetically
Recently Updated
Leaping Animals
pecheneg
Reality TV Shows (A-Z)
bhenderson79
Rickey Henderson's Hall of Fame Teammates
pecheneg
Champions League XIs: Arsenal
pecheneg
Quick Pick: Celebrities in WWE's Hall of Fame
aduchscher
A-Z Keypad Blitz II
pecheneg
Multiple Oscar Actors
pecheneg
Mystery Phrase Blitz: Oscar 'Best Actors'
pecheneg
F. Scott Fitzgerald Novels
LTH
Pick 3 Villains
ddd62291
Trending Topics
Disney
Marvel
Kpop
Anime
Crossword
Harry Potter
NBA
Country
Puzzle
NFL
WWE
Song
The Office
Pokémon
Soccer
Your Account Isn't Verified!
In order to create a playlist on Sporcle, you need to verify the email address you used during registration. Go to your
Sporcle Settings
to finish the process.
Report this User
Report this user for behavior that violates our
Community Guidelines
.
Details:
Send Report
Go to the Sporcle.com Mobile Site →
Comments